Shopping centre investment quarterly (Record no. 119359)

MARC details
000 -LEADER
fixed length control field 01255cas a2200253 4500
001 - CONTROL NUMBER
control field L153746
008 - FIXED-LENGTH DATA ELEMENTS--GENERAL INFORMATION
fixed length control field 110824c2010 eng u
035 ## - SYSTEM CONTROL NUMBER
System control number (Sirsi) u153746
041 0# - LANGUAGE CODE
Language code of text/sound track or separate title eng
050 ## - LIBRARY OF CONGRESS CALL NUMBER
Classification number 333.33 $2 18
110 2# - MAIN ENTRY--CORPORATE NAME
Corporate name or jurisdiction name as entry element Knight Frank
9 (RLIN) 1530
245 00 - TITLE STATEMENT
Title Shopping centre investment quarterly
Medium [electronic resource]
260 ## - PUBLICATION, DISTRIBUTION, ETC.
Place of publication, distribution, etc. London
Name of publisher, distributor, etc. Knight Frank
Date of publication, distribution, etc. 2010-
362 0# - DATES OF PUBLICATION AND/OR SEQUENTIAL DESIGNATION
Dates of publication and/or sequential designation Q1 2010-
490 #0 - SERIES STATEMENT
Series statement Knight Frank Shopping Centre Investment Quarterly Report
Volume/sequential designation Q1 2010-
520 ## - SUMMARY, ETC.
Summary, etc. A quarterly report reviewing the UK shopping centre investment market. Provides a commentary on trends as well as data examining who has been buying and who has been selling shopping centres, details of key transactions, and yield and availability information.
554 ## -
-- Four per year
650 24 - SUBJECT ADDED ENTRY--TOPICAL TERM
Topical term or geographic name entry element KNIGHT FRANK SHOPPING CENTRE INVESTMENT QUARTERLY REPORT
651 #4 - SUBJECT ADDED ENTRY--GEOGRAPHIC NAME
Geographic name United Kingdom
Chronological subdivision
690 ## - LOCAL SUBJECT ADDED ENTRY--TOPICAL TERM (OCLC, RLIN)
Topical term or geographic name as entry element PROPERTY-COMMERCIAL PROPERTY-COMMERCIAL PROPERTY MARKET
690 ## - LOCAL SUBJECT ADDED ENTRY--TOPICAL TERM (OCLC, RLIN)
Topical term or geographic name as entry element PROPERTY-COMMERCIAL PROPERTY-COMMERCIAL PROPERTY FINANCE AND INVESTMENT
856 40 - ELECTRONIC LOCATION AND ACCESS
Uniform Resource Identifier <a href="https://my.knightfrank.com/research/?regionid=2">https://my.knightfrank.com/research/?regionid=2</a>
Public note View the report fee of charge (click on UK and Retail links in the Refine Box and then on title) at http://myknightfrank.com
942 ## - ADDED ENTRY ELEMENTS (KOHA)
Suppress in OPAC 0
Holdings
Withdrawn status Lost status Source of classification or shelving scheme Damaged status Not for loan Home library Current library Shelving location Date acquired Total Checkouts Full call number Barcode Date last seen Copy number Price effective from Koha item type
    Dewey Decimal Classification     Virtual Virtual Online 24/08/2011   ONLINE PUBLICATION 153746-2001 06/08/2019 1 06/08/2019 Book